[Event "Calcutta"]
[Site "Calcutta"]
[Date "1992.??.??"]
[Round "4"]
[White "Ganesan, Sankar"]
[Black "Antonio, Rogelio Jr"]
[Result "1/2-1/2"]
[WhiteElo "2300"]
[BlackElo "2500"]

1.d4 Nf6 2.c4 e6 3.Nc3 Bb4 4.Qc2 O-O 5.a3 Bxc3+ 6.Qxc3 b6 7.Bg5 Bb7 8.Nh3 h6
9.Bh4 c5 10.dxc5 bxc5 11.f3 Nc6 12.O-O-O Nd4 13.e3 Nf5 14.Bf2 d5 15.Bd3 Qb6
16.g4 dxc4 17.Bxc4 Nd6 18.e4 Ndxe4 19.fxe4 Nxe4 20.Qc2 Nxf2 21.Qxf2 Bxh1
22.Rxh1 Rad8 23.Rd1 Rxd1+ 24.Kxd1 Rd8+ 25.Kc2 Rd4 26.Qe2 Qd6 27.b3 g5 28.Ng1 Qf4
29.h3 Kg7 30.a4 e5 31.Bb5 e4 32.Qe1 e3 33.Qc3 Kg8 34.Ne2 Qf2 35.Bd3 Rd5 36.Qc4 Qf3
37.a5 Re5 38.Qb5 Qf6 39.Qb8+ Kg7 40.Qxa7 Re6 41.Qb8 Qa1 42.a6 Qe1 43.Qb5 Qa1
44.Qa4 Qe1 45.Qc4 Qd2+ 46.Kb1 Rd6 47.Nc1 Rd4 48.Qc2 Qa5 49.Ne2 Rd7 50.Qc4 Qd2
51.Bc2 Qa5 52.Qc3+ Qxc3 53.Nxc3 Rd6 54.a7 Ra6 55.Bd3 Rxa7 56.Ne4 Ra5 57.Kb2 h5
58.Ng3 hxg4 59.hxg4 Kf6 60.Nf5 c4  1/2-1/2

[Event "Calcutta"]
[Site "Calcutta"]
[Date "1992.??.??"]
[Round "9"]
[White "Rajiv, Nayyar"]
[Black "Parappalli, Joe"]
[Result "0-1"]
[WhiteElo "2255"]
[BlackElo "2320"]

1.d4 Nf6 2.c4 e6 3.Nc3 Bb4 4.Qc2 O-O 5.a3 Bxc3+ 6.Qxc3 b6 7.Bg5 Bb7 8.f3 c5
9.dxc5 bxc5 10.e3 Qe7 11.Nh3 d6 12.Bxf6 Qxf6 13.Qxf6 gxf6 14.O-O-O Rd8 15.Be2 Nc6
16.Rd2 Kf8 17.Rhd1 Ke7 18.Nf4 a5 19.Kb1 a4 20.Nd3 Ba6 21.Nc1 Na5 22.Rc2 Rab8
23.Rc3 Rb6 24.Ka2 Ra8 25.g3 h5 26.Rd2 h4 27.g4 f5 28.b3 fxg4 29.fxg4 axb3+  0-1

[Event "Cannes op"]
[Site "Cannes"]
[Date "1992.??.??"]
[Round "?"]
[White "Chabanon, Jean Luc"]
[Black "Mednis, Edmar John"]
[Result "1/2-1/2"]
[WhiteElo "2410"]
[BlackElo "2460"]

1.d4 Nf6 2.c4 e6 3.Nc3 Bb4 4.Qc2 O-O 5.a3 Bxc3+ 6.Qxc3 b6 7.Bg5 h6 8.Bh4 c5
9.Nf3 Bb7 10.e3 cxd4 11.Nxd4 Nc6 12.Nxc6 Bxc6 13.Bd3 d6 14.O-O g5 15.Bg3 Nh5
16.Rad1 Nxg3 17.fxg3  1/2-1/2

[Event "Cannes op"]
[Site "Cannes"]
[Date "1992.??.??"]
[Round "?"]
[White "Chabanon, Jean Luc"]
[Black "Dorfman, Josif D"]
[Result "0-1"]
[WhiteElo "2410"]
[BlackElo "2605"]

1.d4 Nf6 2.c4 e6 3.Nc3 Bb4 4.Qc2 O-O 5.a3 Bxc3+ 6.Qxc3 b6 7.Bg5 h6 8.Bh4 c5
9.dxc5 bxc5 10.f3 Nc6 11.e3 Rb8 12.Bg3 e5 13.Rd1 Qb6 14.Rd2 Rd8 15.e4 d6
16.Bd3 Nh5 17.Bh4 g5 18.Bf2 Nf4 19.Be3 Qa5 20.Bxf4 Qxc3 21.bxc3 exf4 22.g3 Ne5
23.gxf4 gxf4 24.Kf2 Rb2 25.Ke2 Rb3  0-1

[Event "Cannes op"]
[Site "Cannes"]
[Date "1992.??.??"]
[Round "?"]
[White "Touzane, Olivier"]
[Black "Huzman, Alexander"]
[Result "0-1"]
[WhiteElo "2280"]
[BlackElo "2505"]

1.d4 Nf6 2.c4 e6 3.Nc3 Bb4 4.Qc2 O-O 5.a3 Bxc3+ 6.Qxc3 b6 7.Bg5 Bb7 8.e3 c5
9.dxc5 bxc5 10.Nh3 h6 11.Bf4 g5 12.Nxg5 hxg5 13.Bxg5 Ne4 14.Bxd8 Nxc3 15.Be7 Re8
16.Bxc5 Ne4 17.Bb4 a5 18.Bd2 Nxd2 19.Kxd2 a4 20.Rc1 Nc6 21.Bd3 Na5 22.Ke2 Rec8
23.Rc3 Rc5 24.h4 Ba6 25.h5 Rb8 26.Rc2 Bxc4 27.Rh4 d5 28.h6 Bxd3+ 29.Kxd3 Rxc2
30.Kxc2 Nc4 31.Kc3 e5 32.e4 Rb3+  0-1

[Event "Cappelle op"]
[Site "Cappelle la Grande"]
[Date "1992.??.??"]
[Round "3"]
[White "Whiteley, Andrew J"]
[Black "Shneider, Aleksandr"]
[Result "0-1"]
[WhiteElo "2345"]
[BlackElo "2515"]

1.d4 Nf6 2.c4 e6 3.Nc3 Bb4 4.Qc2 O-O 5.a3 Bxc3+ 6.Qxc3 b6 7.Bg5 Bb7 8.e3 d6
9.f3 Nbd7 10.Bd3 c5 11.Ne2 cxd4 12.Qxd4 h6 13.Bh4 Qc7 14.e4 Rac8 15.O-O Qc5
16.Bg3 e5 17.Qxc5 Nxc5 18.Bc2 Ne6 19.Rfd1 Rfd8 20.b3 a6 21.a4 a5 22.Bf2 Nc5
23.Nc3 Kf8 24.Rd2 Ke7 25.Rad1 Ne8 26.Nb5 Bc6 27.Be3 Rd7 28.Kf2 Rcd8 29.g3 Nc7
30.Nxc7 Rxc7 31.h4 h5 32.Ke2 f6 33.Kf2 Be8 34.Rb1 Bf7 35.Rbd1 Be6 36.Ke2 Rc6
37.Kf2 Rf8 38.Ke2 g6 39.Kf2 f5 40.exf5 Bxf5 41.Bxf5 gxf5 42.Rb1 Ke6 43.Rd5 Rg8
44.Bg5 Rg7 45.Ke3 Na6 46.Rbd1 Nb4 47.R1d2 Rd7 48.Kf2 Rc5 49.Rxc5 bxc5 50.Be3 Nc6
51.Rd3 Rb7 52.Bd2 Ra7 53.Kg2 Nd4 54.Kh3 Rb7 55.Bxa5 Nxb3 56.Be1 Nd4 57.g4 Rb1
58.Bf2 Ra1 59.gxh5 Rxa4 60.h6 Ra7 61.h5 Rh7 62.Kh4 Rxh6 63.Kg5 Rh8 64.Bxd4 Rg8+
65.Kh6 exd4 66.Kh7 Rg1 67.Ra3 Rf1 68.h6 d5 69.Ra5 Kd6 70.Ra6+ Kc7 71.Ra7+ Kb6
72.Rg7 Rh1 73.Rg6+ Ka5 74.cxd5 d3 75.Rg2 c4 76.Rd2 Kb5 77.Kg6 Kc5 78.Kxf5 Kxd5
79.Kg6 Kd4 80.h7 c3 81.Rd1 Rxh7  0-1

[Event "Cappelle op"]
[Site "Cappelle la Grande"]
[Date "1992.??.??"]
[Round "5"]
[White "Collas, Didier"]
[Black "Horvath, Maria"]
[Result "1-0"]
[WhiteElo "2280"]
[BlackElo "2050"]

1.d4 e6 2.c4 Nf6 3.Nc3 Bb4 4.Qc2 O-O 5.Nf3 b6 6.e4 d5 7.e5 Ne4 8.Bd3 Bb7
9.cxd5 exd5 10.O-O Bxc3 11.bxc3 c5 12.Ne1 cxd4 13.cxd4 Qe7 14.f3 Rc8 15.Qb2 Ng5
16.Bxg5 Qxg5 17.f4 Qe7 18.Nf3 Ba6 19.Rac1 Bc4 20.Ng5 b5 21.Bxh7+ Kf8 22.Qd2 Nc6
23.Rf2 Qb4 24.Qe3 Rab8 25.f5 Rb6 26.f6 g6 27.Nxf7 Nxd4 28.Qxd4 Kxf7 29.Bxg6+ Kf8
30.Qh4  1-0

[Event "EU-chT (Men)"]
[Site "Debrecen"]
[Date "1992.??.??"]
[Round "2"]
[White "Janjgava, Lasha"]
[Black "Kurajica, Bojan"]
[Result "1/2-1/2"]
[WhiteElo "2485"]
[BlackElo "2585"]

1.d4 Nf6 2.c4 e6 3.Nc3 Bb4 4.Qc2 O-O 5.a3 Bxc3+ 6.Qxc3 b6 7.Bg5 Bb7 8.e3 d6
9.f3 Nbd7 10.Bd3 c5 11.Ne2 Rc8 12.Qd2 Re8 13.O-O Ba6 14.Bxf6  1/2-1/2

[Event "EU-chT (Men)"]
[Site "Debrecen"]
[Date "1992.??.??"]
[Round "3"]
[White "Hertneck, Gerald"]
[Black "Petursson, Margeir"]
[Result "1/2-1/2"]
[WhiteElo "2530"]
[BlackElo "2555"]

1.d4 Nf6 2.c4 e6 3.Nc3 Bb4 4.Qc2 O-O 5.a3 Bxc3+ 6.Qxc3 b6 7.Bg5 Bb7 8.f3 d5
9.e3 Nbd7 10.cxd5 Nxd5 11.Bxd8 Nxc3 12.Bxc7 Nd5 13.Bf4 Nxf4 14.exf4 Rfd8
15.Rd1 Nf6 16.Bd3 Nd5 17.Be4 Rd7 18.Bxd5 Rxd5 19.Ne2 Rad8 20.Kf2 Ba6 21.Rhe1 Bxe2
22.Rxe2 Rxd4 23.Rxd4 Rxd4 24.f5 Rd6 25.Rc2 g5  1/2-1/2

[Event "EU-chT (Men)"]
[Site "Debrecen"]
[Date "1992.??.??"]
[Round "4"]
[White "James, David"]
[Black "Rivas Pastor, Manuel"]
[Result "0-1"]
[WhiteElo "2275"]
[BlackElo "2520"]

1.d4 Nf6 2.c4 e6 3.Nc3 Bb4 4.Qc2 O-O 5.Nf3 c5 6.dxc5 Nc6 7.a3 Bxc5 8.Bg5 Nd4
9.Nxd4 Bxd4 10.e3 Qa5 11.exd4 Qxg5 12.Qd2 Qxd2+ 13.Kxd2 b6 14.Bd3 Bb7 15.f3 d5
16.c5 bxc5 17.dxc5 e5 18.b4 e4 19.Bc2 Rad8 20.b5 e3+ 21.Kd3 d4 22.Ne2 Nd7
23.Kxd4 Nxc5+ 24.Kxc5 Rc8+ 25.Kd4 Rxc2 26.Rhe1 Re8 27.a4 Rd2+ 28.Kc5 f5 29.h4 Rc8+
30.Kb4 Rcc2 31.Nf4 Rd4+ 32.Kb3 Rcc4 33.g3 Bxf3 34.Rxe3 Be4 35.Ne6 Rb4+ 36.Kc3 Rdc4+
37.Kd2 Rb2+ 38.Kd1 Rg2 39.Raa3 Rb4  0-1

[Event "EU-chT (Men)"]
[Site "Debrecen"]
[Date "1992.??.??"]
[Round "5"]
[White "Hertneck, Gerald"]
[Black "Kurajica, Bojan"]
[Result "0-1"]
[WhiteElo "2530"]
[BlackElo "2585"]

1.d4 Nf6 2.c4 e6 3.Nc3 Bb4 4.Qc2 O-O 5.a3 Bxc3+ 6.Qxc3 b6 7.Bg5 Bb7 8.f3 d6
9.Nh3 h6 10.Bh4 Nbd7 11.e3 c5 12.dxc5 bxc5 13.Be2 a5 14.O-O Qb6 15.b3 d5
16.Bf2 e5 17.Rab1 Qe6 18.Qc2 Rfb8 19.Rb2 Ba6 20.cxd5 Nxd5 21.e4 Nc7 22.Bxa6 Rxa6
23.b4 axb4 24.axb4 c4 25.Kh1 Nb5 26.Ra2 Rc6 27.Ng1 c3 28.Ne2 Qc4 29.Rd1 Nf8
30.Rd5 Ng6 31.g3 Qxb4 32.Kg2 Rc4 33.Qd3 Rbc8 34.Rc2 Na3 35.Rc1 Qb2 36.h4 h5
37.Rd8+ Rxd8 38.Qxd8+ Kh7 39.Kf1 Nb5 40.Qd3 Rc7 41.Rc2 Qb3 42.Be1 Nf8 43.Nxc3 Ne6
44.Rc1 Qa3 45.Qe3 Ned4 46.f4 Qa6 47.Kf2 Qc8 48.f5 f6 49.Bd2 Nd6 50.Qd3 Qa8
51.Re1 Qa3 52.g4 hxg4 53.Re3 Qb2 54.Nd5 Qc2 55.Ke1 Qxd3 56.Rxd3 Nxe4 57.Bc3 Nxf5
58.h5 Nxc3 59.Nxc3 e4 60.Nd5 exd3 61.Nxc7 g3  0-1

[Event "EU-chT (Men)"]
[Site "Debrecen"]
[Date "1992.??.??"]
[Round "8"]
[White "Hracek, Zbynek"]
[Black "Van der Wiel, John TH"]
[Result "1/2-1/2"]
[WhiteElo "2460"]
[BlackElo "2540"]

1.d4 Nf6 2.c4 e6 3.Nc3 Bb4 4.Qc2 O-O 5.a3 Bxc3+ 6.Qxc3 b6 7.Bg5 Bb7 8.f3 h6
9.Bh4 d5 10.e3 Nbd7 11.Nh3 c5 12.cxd5 Nxd5 13.Bxd8 Nxc3 14.Be7 Rfe8 15.Bh4 Nd5
16.Bb5 g5 17.Bf2 Red8 18.e4 N5f6 19.O-O-O Rac8 20.dxc5 Nxc5 21.Rxd8+ Rxd8
22.Bxc5 Rc8 23.b4 bxc5 24.Kb2 cxb4  1/2-1/2

[Event "Dortmund op-A"]
[Site "Dortmund"]
[Date "1992.??.??"]
[Round "4"]
[White "Priehoda, Vitezslav"]
[Black "Fischdick, Gisela"]
[Result "1/2-1/2"]
[WhiteElo "2390"]
[BlackElo "2270"]

1.d4 Nf6 2.c4 e6 3.Nc3 Bb4 4.Qc2 O-O 5.a3 Bxc3+ 6.Qxc3 b6 7.Bg5 Bb7 8.e3 d6
9.f3 Nbd7 10.Bd3 e5 11.Nh3 h6 12.Bxf6 Qxf6 13.d5 Qh4+ 14.Nf2 f5 15.O-O a5
16.b4 Qg5 17.e4 fxe4 18.Nxe4 Qe7 19.Bc2 Nf6 20.Qd3 Nxe4 21.Qxe4 g5 22.h4 Bc8
23.Qg6+ Qg7 24.hxg5 Qxg6 25.Bxg6 hxg5 26.c5 axb4 27.axb4 Bb7 28.Be4 bxc5
29.bxc5 dxc5 30.Rab1 Ba6 31.Rfc1 c4 32.d6 Rab8 33.dxc7 Rxb1 34.Rxb1 Kf7 35.Rb6 Bc8
36.Rc6 Be6 37.g4 Bc8 38.Rxc4 Ke7 39.Rc5 Kd6 40.Rd5+ Kxc7 41.Rxe5 Rg8 42.Rd5 Be6
43.Ra5 Kd6 44.Kf2 Ke7 45.Bd3 Rd8 46.Be4 Kf6 47.Ke3 Rd6 48.Ra1 Rb6 49.Rh1 Ke5
50.Re1 Rb3+ 51.Kf2 Kf4 52.Re2 Ra3 53.Bc6 Ra2 54.Rxa2  1/2-1/2

[Event "Dortmund op-A"]
[Site "Dortmund"]
[Date "1992.??.??"]
[Round "4"]
[White "Toth, Christian Endre"]
[Black "Razuvaev, Yuri S"]
[Result "0-1"]
[WhiteElo "2350"]
[BlackElo "2575"]

1.d4 Nf6 2.c4 e6 3.Nc3 Bb4 4.Qc2 O-O 5.a3 Bxc3+ 6.Qxc3 b6 7.Bg5 Bb7 8.e3 d6
9.f3 Nbd7 10.Bd3 c5 11.Ne2 Rc8 12.Qd2 Re8 13.O-O Ba6 14.Rac1 Ne4 15.Bxe4 Qxg5
16.f4 Qe7 17.Bd3 g6 18.b4 Nf6 19.e4 cxd4 20.Nxd4 e5 21.Nb5 Bxb5 22.cxb5 Rxc1
23.Rxc1 d5 24.exd5 Nxd5 25.Bxg6 Nxf4 26.Be4 Rd8 27.Qc2 Qg5 28.Bxh7+ Kg7 29.Kh1 Rh8
30.Be4 Ne2  0-1

[Event "Wch U16"]
[Site "Duisburg"]
[Date "1992.??.??"]
[Round "6"]
[White "Schwartzman, Gabriel"]
[Black "Gretarsson, Helgi Ass"]
[Result "1-0"]
[WhiteElo "2340"]
[BlackElo "2370"]

1.d4 Nf6 2.c4 e6 3.Nc3 Bb4 4.Qc2 O-O 5.Nf3 b6 6.e4 Bb7 7.Bd3 d5 8.cxd5 exd5
9.e5 Ne4 10.O-O Bxc3 11.bxc3 Nd7 12.Bxe4 dxe4 13.Ng5 Qe8 14.Nxe4 f5 15.Qb3+ Kh8
16.Ng5 Qg6 17.f3 Rae8 18.Nh3 Qc6 19.Rd1 b5 20.Rb1 Nb6 21.Ba3 Rg8 22.Qf7 Qxc3
23.Qxf5 Bc8 24.Ng5 Bxf5 25.Nf7+  1-0

[Event "Eger op"]
[Site "Eger"]
[Date "1992.??.??"]
[Round "?"]
[White "Fochtler, Ekkehard"]
[Black "Petran, Pal"]
[Result "1/2-1/2"]
[WhiteElo "2260"]
[BlackElo "2485"]

1.d4 Nf6 2.c4 e6 3.Nc3 Bb4 4.Qc2 O-O 5.a3 Bxc3+ 6.Qxc3 b6 7.Bg5 Bb7 8.f3 h6
9.Bh4 d5 10.cxd5 exd5 11.e3 Re8 12.Bf2 c5 13.Bb5 Bc6 14.Bd3 cxd4 15.Qxd4 Bd7
16.Ne2 Nc6 17.Qc3 Ne5 18.O-O Rc8 19.Qd4 Nc6 20.Qh4 Ne5 21.Qd4 Nc6 22.Qh4 Ne5  1/2-1/2

[Event "Eger op"]
[Site "Eger"]
[Date "1992.??.??"]
[Round "?"]
[White "Fochtler, Ekkehard"]
[Black "Csiszar, Csaba"]
[Result "1-0"]
[WhiteElo "2260"]
[BlackElo "2235"]

1.d4 Nf6 2.c4 e6 3.Nc3 Bb4 4.Qc2 O-O 5.a3 Bxc3+ 6.Qxc3 b6 7.Bg5 Bb7 8.f3 h6
9.Bh4 d6 10.e3 Nbd7 11.Be2 c5 12.dxc5 Nxc5 13.b4 Nfe4 14.Bxd8 Nxc3 15.Be7 Rfe8
16.bxc5 Rxe7 17.cxd6 Rd7 18.Rc1 Na4 19.Kf2 Rxd6 20.Nh3 Rad8 21.Rhd1 Rxd1
22.Bxd1 Nc5 23.Ke2 Rd3 24.a4 Ra3 25.Nf4 Ba6 26.Kd2 Ra2+ 27.Rc2 Rxa4 28.Be2 Ra3
29.Rc3 Ra2+ 30.Rc2 Ra1 31.Nd3 Nxd3 32.Bxd3 Ra3 33.Rc3 Rxc3 34.Kxc3 Kf8 35.Kd4 Ke7
36.e4 f6 37.f4 Bb7 38.g3 Kd7 39.e5 Bc6 40.Be2 Kc7 41.h4 a6 42.g4 Bd7 43.exf6 gxf6
44.g5 fxg5 45.fxg5 hxg5 46.h5 Be8 47.h6 Bg6 48.Bd3  1-0

[Event "Eger Agria"]
[Site "Eger"]
[Date "1992.??.??"]
[Round "?"]
[White "Kaposztas, Miklos"]
[Black "Holzhaeuer, Mathias"]
[Result "1/2-1/2"]
[WhiteElo "2295"]
[BlackElo "2325"]

1.d4 Nf6 2.c4 e6 3.Nc3 Bb4 4.Qc2 O-O 5.Nf3 b6 6.g3 Bb7 7.Bg2 d6 8.O-O Bxc3
9.Qxc3 Nbd7 10.b3 c5 11.Bb2 Qe7 12.Rfd1 Rfd8 13.Rac1 Rac8 14.dxc5 Nxc5 15.Qe3 Rc7
16.h3 Ne8 17.Kh2 Rcc8  1/2-1/2

[Event "Elenite"]
[Site "Elenite"]
[Date "1992.??.??"]
[Round "11"]
[White "Georgiev, Kiril"]
[Black "Razuvaev, Yuri S"]
[Result "1-0"]
[WhiteElo "2610"]
[BlackElo "2565"]

1.d4 Nf6 2.c4 e6 3.Nc3 Bb4 4.Qc2 O-O 5.a3 Bxc3+ 6.Qxc3 b6 7.Bg5 Bb7 8.e3 d6
9.f3 Nbd7 10.Nh3 h6 11.Bh4 c5 12.dxc5 bxc5 13.Be2 a5 14.O-O d5 15.Rfd1 Qb6
16.Rd2 Bc6 17.Bf2 Rfb8 18.Bd1 e5 19.cxd5 Bxd5 20.Ba4 Qe6 21.Rad1 Nb6 22.Bc2 Bxf3
23.gxf3 Qxh3 24.Qxe5 Re8 25.Qxc5 Nbd5 26.e4 Rac8 27.Qd4 Nf4 28.Bg3 N6h5 29.e5 Ne6
30.Qf2 Nhf4 31.Ba4 Qf5 32.Kh1 Rf8 33.Qe3 Rc5 34.Re1 Rb8 35.Bd7 Nd5 36.Bxe6 Nxe3
37.Bxf5 Nxf5 38.e6 Nxg3+ 39.hxg3 fxe6 40.Rxe6 Rcb5 41.Ree2 R8b7 42.Kg2 Kf7
43.f4 h5 44.Kh3 g5 45.a4 Rf5 46.fxg5 Rxg5 47.Re3 Rc5 48.b3 Kf6 49.Rf2+ Kg5
50.Rfe2 Rf5 51.Rc2 Rb6 52.Rc8 Rd6 53.Rec3 Rdd5 54.Rg8+ Kh6 55.Rc6+ Kh7 56.Rb8 Rf7
57.Rcb6 Rfd7 58.R8b7 Rxb7 59.Rxb7+ Kg6 60.Rb6+  1-0

[Event "FRA-chT"]
[Site "?"]
[Date "1992.??.??"]
[Round "?"]
[White "Chabanon, Jean Luc"]
[Black "Lejeune, Jean Pierre"]
[Result "1/2-1/2"]
[WhiteElo "2410"]
[BlackElo "2325"]

1.d4 Nf6 2.c4 e6 3.Nc3 Bb4 4.Qc2 O-O 5.a3 Bxc3+ 6.Qxc3 b6 7.Bg5 Bb7 8.f3 h6
9.Bh4 d6 10.e3 Nbd7 11.Bd3 Re8 12.Ne2 e5 13.O-O-O c5 14.dxc5 Nxc5 15.Bc2 Rc8
16.Kb1 Ba6 17.Qb4 d5 18.Nc3 Bxc4 19.Nxd5 Bxd5 20.e4 a5 21.Qe1 Ncxe4 22.fxe4 Rxc2
23.Rxd5 Qc7 24.Bxf6 gxf6 25.Qg3+ Kh7 26.Qf3 Rc8 27.Qxf6 Rc1+  1/2-1/2

[Event "Fuerteventura"]
[Site "Fuerteventura"]
[Date "1992.??.??"]
[Round "?"]
[White "Flear, Glenn C"]
[Black "Garcia Padron, J."]
[Result "1-0"]
[WhiteElo "2495"]
[BlackElo "2435"]

1.d4 Nf6 2.c4 e6 3.Nc3 Bb4 4.Qc2 O-O 5.a3 Bxc3+ 6.Qxc3 b6 7.Bg5 c5 8.dxc5 bxc5
9.e3 h6 10.Bh4 a5 11.Bd3 d6 12.Ne2 Nbd7 13.Rd1 Bb7 14.O-O d5 15.cxd5 Nxd5
16.Bh7+ Kh8 17.Rxd5 Qxh4 18.Rxd7 Bc8 19.Rc7 Kxh7 20.Rxc5 Ba6 21.Rc1 a4 22.Nd4 Kg8
23.Rc7 Qe4 24.f3 Qg6 25.Nc6 Qg5 26.Qd4 Qb5 27.h3 Kh8 28.Ne5 Kg8 29.Nxf7 Qh5
30.Nd8  1-0

[Event "Troll Masters"]
[Site "Gausdal"]
[Date "1992.??.??"]
[Round "1"]
[White "Remlinger, Larry"]
[Black "Ostenstad, Berge"]
[Result "1-0"]
[WhiteElo "2340"]
[BlackElo "2455"]

1.d4 Nf6 2.c4 e6 3.Nc3 Bb4 4.Qc2 O-O 5.a3 Bxc3+ 6.Qxc3 Qe8 7.f3 d6 8.Bg5 Nbd7
9.e3 e5 10.O-O-O a5 11.Bd3 c6 12.Ne2 e4 13.Bb1 h6 14.Bf4 Qe6 15.d5 cxd5 16.Nd4 Qe7
17.Nf5 Qd8 18.Rxd5 Nc5 19.Rhd1 Bxf5 20.Rxf5 d5 21.Bxh6 gxh6 22.Qxf6 Qxf6
23.Rxf6 dxc4 24.fxe4 Kg7 25.Rdd6 Rad8 26.Bc2 Rxd6 27.Rxd6 Re8 28.Rd4 b5 29.a4 b4
30.Rxc4 Re5 31.b3 Kf6 32.Rd4 Ke7 33.Kd2 f6 34.Ke2 Ne6 35.Rc4 Kd7 36.h4 Rh5
37.g3 Re5 38.Kf3 Nc5 39.Rd4+ Ke7 40.Rd5 Kf7 41.Rd8 Ke7 42.Rh8 h5 43.Rb8 Nd7
44.Rb5 Kd6 45.Kf4 Nc5 46.g4  1-0

[Event "Troll Masters"]
[Site "Gausdal"]
[Date "1992.??.??"]
[Round "1"]
[White "Gretarsson, Helgi Ass"]
[Black "Schmittdiel, Eckhard"]
[Result "0-1"]
[WhiteElo "2350"]
[BlackElo "2485"]

1.d4 Nf6 2.c4 e6 3.Nc3 Bb4 4.Qc2 O-O 5.a3 Bxc3+ 6.Qxc3 a5 7.g3 d6 8.Bg2 a4
9.Nf3 Nc6 10.O-O h6 11.Bf4 Qe7 12.Rad1 Re8 13.d5 Na5 14.dxe6 Bxe6 15.Nd4 Bxc4
16.Bxb7 Nxb7 17.Qxc4 Nc5 18.Rfe1 Qd7 19.Qc2 Qh3 20.f3 Nd5 21.Bc1 Ne3 22.Bxe3 Rxe3
23.Nf5 Re5 24.e4 Rae8 25.Qc3 Ne6 26.Ne3 Rc5 27.Qb4 Ng5 28.Rf1 Qh5 29.Kg2 f5
30.Nxf5 Rxf5 31.Qc4+ Qf7 32.Rc1 Qxc4 33.Rxc4 Rb5 34.Rf2 Reb8 35.Rcc2 Ne6
36.Rfd2 c5  0-1

[Event "Gausdal Int"]
[Site "Gausdal"]
[Date "1992.??.??"]
[Round "7"]
[White "Chachere, Lawrence"]
[Black "Fossan, Erik"]
[Result "0-1"]
[WhiteElo "2240"]
[BlackElo "2340"]

1.d4 Nf6 2.c4 e6 3.Nc3 Bb4 4.Qc2 O-O 5.Nf3 d6 6.a3 Bxc3+ 7.Qxc3 Nbd7 8.g3 Re8
9.Bg2 e5 10.O-O c6 11.dxe5 dxe5 12.b4 Qe7 13.Bb2 b6 14.Nh4 Qe6 15.Rad1 Ba6
16.c5 bxc5 17.bxc5 Nd5 18.Qc2 e4 19.Rd4 N7f6 20.Bc1 h6 21.Bh1 g5 22.f3 gxh4
23.fxe4 hxg3 24.exd5 Qh3 25.hxg3 Qxg3+ 26.Bg2 Rxe2 27.Qxe2 Bxe2 28.Rxf6 Qc3
29.Rdf4 Qxc1+ 30.Kh2 Bh5 31.dxc6 Rc8 32.R4f5 Bg6 33.Rd5 Be4 34.Rd7 Qb2  0-1

[Event "NB"]
[Site "Germany"]
[Date "1992.??.??"]
[Round "1"]
[White "Heigl, Rudolf"]
[Black "Menacher, Manfred"]
[Result "0-1"]
[WhiteElo "2225"]
[BlackElo "2300"]

1.d4 Nf6 2.c4 e6 3.Nc3 Bb4 4.Qc2 O-O 5.a3 Bxc3+ 6.Qxc3 b6 7.Nf3 Bb7 8.g3 c5
9.Bg2 cxd4 10.Qxd4 Nc6 11.Qh4 Rc8 12.O-O Na5 13.Nd2 Ba6 14.b3 d5 15.cxd5 Nxd5
16.Qxd8 Rfxd8 17.b4 Nc6 18.Bb2 Ne3 19.fxe3 Rxd2 20.Bc3 Rc2 21.Bxc6 Rxc6 22.Bd4 f6
23.e4 Rxe2 24.Rfe1 e5 25.Rxe2 Bxe2 26.Be3 Bf3 27.Rc1 Rxc1+ 28.Bxc1 b5 29.Be3 a6
30.Bc5 Bxe4 31.Kf2 h5 32.h4 Kf7 33.Ke3 Bb1 34.Bd6 Ke6 35.Bf8 g6 36.Bg7 Kf5
37.Kf2 g5 38.Bf8 gxh4 39.gxh4 Ke4 40.Bg7 f5 41.Bf6 f4 42.Be7 Kf5 43.Bg5  0-1

[Event "GER-ch qual"]
[Site "Gladenbach"]
[Date "1992.??.??"]
[Round "8"]
[White "Raupp, Thomas"]
[Black "Mandl, Robert"]
[Result "1/2-1/2"]
[WhiteElo "2315"]
[BlackElo "2405"]

1.d4 Nf6 2.c4 e6 3.Nc3 Bb4 4.Qc2 O-O 5.a3 Bxc3+ 6.Qxc3 Qe8 7.g3 d6 8.Nf3 a5
9.b3 Nbd7 10.Bg2 Qe7 11.O-O Re8 12.Re1 e5 13.e4 Nf8 14.Bb2 Ng6 15.d5 Bg4
16.Nd2 Rec8 17.c5 Bd7 18.Rac1 Ne8 19.Nc4 a4 20.b4 f6 21.Qd2 Nh8 22.Ne3 Nf7
23.c6 bxc6 24.dxc6 Be6 25.h4 g6 26.Nd5 Qd8 27.f4 Ng7 28.Qf2 Bxd5 29.exd5 Qe7
30.Bh3 f5 31.Re2 Re8 32.Rce1 Qf6 33.Re3 Re7 34.Qc2 Nh5 35.Bg2 h6 36.Qf2 g5
37.fxg5 hxg5 38.hxg5 Nxg5 39.Rf1 Rf8 40.b5 Qh6 41.b6 cxb6 42.Rc3  1/2-1/2

[Event "Graz"]
[Site "Graz"]
[Date "1992.??.??"]
[Round "6"]
[White "Postl, Anton"]
[Black "Felsberger, Alfred"]
[Result "1-0"]
[WhiteElo "2265"]
[BlackElo "2315"]

1.d4 Nf6 2.c4 e6 3.Nc3 Bb4 4.Qc2 O-O 5.a3 Bxc3+ 6.Qxc3 b6 7.Bg5 Bb7 8.f3 h6
9.Bh4 d5 10.e3 Nbd7 11.cxd5 exd5 12.Bd3 c5 13.Bf5 Re8 14.Bxd7 Qxd7 15.Bxf6 gxf6
16.Nh3 Rac8 17.O-O Qe6 18.Rfe1 cxd4 19.Qxd4 Rc4 20.Qd2 Rec8 21.Rac1 R4c5
22.Nf4 Qf5 23.Rxc5 bxc5 24.h4 Qe5 25.Rd1 Ba8 26.Kf2 Kg7 27.Kg1 a5 28.Nd3 Qe7
29.b4 axb4 30.axb4 cxb4 31.Nxb4 Rc4 32.Nc2 Bc6 33.Nd4 Qe5 34.Rb1 Bd7 35.Rb7 Rc7
36.f4 Qd6 37.Rxc7 Qxc7 38.Ne2 Qc4 39.Nc3 Be6 40.Qd4 Qxd4 41.exd4 Kg6 42.Kf2 Kh5
43.g3 Kg6 44.Nd1 Bf5 45.Ne3 Be4 46.Ke2 f5 47.Kd2 Kf6 48.Kc3 Ke6 49.Kb4 Kd6
50.Kb5 Bd3+ 51.Kb6 Be4 52.Nd1 Bd3 53.Nc3 Bc4 54.Nb5+ Kd7 55.Kc5 Bb3 56.Nc3 Ke6
57.Kc6 Bc2 58.Nb5 Ba4 59.Kc5 Bxb5 60.Kxb5 Kd6 61.Kb6  1-0

[Event "Groningen op"]
[Site "Groningen"]
[Date "1992.??.??"]
[Round "7"]
[White "Nadyrhanov, S."]
[Black "Lerner, Konstantin Z"]
[Result "1-0"]
[WhiteElo "2445"]
[BlackElo "2530"]

1.d4 Nf6 2.c4 e6 3.Nc3 Bb4 4.Qc2 O-O 5.a3 Bxc3+ 6.Qxc3 b6 7.Nf3 Bb7 8.g3 d6
9.Bg2 Nbd7 10.O-O Qe7 11.b4 Rab8 12.Bb2 Ne4 13.Qe3 f5 14.Ne1 c5 15.Nd3 cxd4
16.Bxd4 Rfc8 17.Rac1 Rc7 18.Bb2 Rbc8 19.g4 Rxc4 20.Rxc4 Rxc4 21.gxf5 e5 22.f4 Bd5
23.Rc1 Rxc1+ 24.Qxc1 Qh4 25.Qc7 Qg4 26.Qxd7 Qxg2+ 27.Kxg2 Nf6+ 28.Kg3 Nxd7
29.fxe5 dxe5 30.Bxe5 g6 31.fxg6 hxg6 32.Kf4 Kf7 33.Bd4 a5 34.h4 axb4 35.axb4 b5
36.e4 Ba2 37.Ke3 Bc4 38.Bc3 Ke7 39.Nf2 Bf1 40.Kf4 Kf7 41.Ng4 Bd3 42.Bd4 Ke6
43.Nf2 Bf1 44.Kg5 Kf7 45.Ng4 Bd3 46.Nh6+ Ke6 47.Kxg6 Bxe4+ 48.Kg5 Nf8 49.Bg7 Nh7+
50.Kf4 Bc2 51.Ng4 Kf7 52.Bd4 Kg6 53.Ne3 Bd3 54.Nd5 Bc4 55.Nb6 Bf1 56.Nd5 Bc4
57.Ke5 Kh5 58.Bf2 Bf1 59.Kd6 Bc4 60.Be1 Kg6 61.Kc5 Nf8 62.Nc7 Kh5 63.Nxb5 Bd3
64.Nc7 Ng6 65.Nd5 Kg4 66.Nf6+ Kf3 67.Nd7 Kg4 68.Kd4 Be2 69.Ne5+ Kf5 70.Nxg6 Kxg6
71.Kc5 Kf7 72.b5 Ke7 73.b6 Kd7 74.Bg3 Kc8 75.Kd6 Kb7 76.Bf2 Bf3 77.Ke5  1-0

[Event "Hamburg op"]
[Site "Hamburg"]
[Date "1992.??.??"]
[Round "9"]
[White "Wegner, Hannu"]
[Black "Dizdar, Goran"]
[Result "0-1"]
[WhiteElo "2365"]
[BlackElo "2450"]

1.d4 Nf6 2.c4 e6 3.Nc3 Bb4 4.Qc2 O-O 5.a3 Bxc3+ 6.Qxc3 d6 7.Bg5 Nbd7 8.Qc2 Qe8
9.e4 h6 10.Bh4 e5 11.dxe5 Qxe5 12.f3 Nc5 13.Rd1 Bd7 14.b3 Rfe8 15.Ne2 Nfxe4
16.fxe4 Nxe4 17.Bf2 Qa5+ 18.Rd2 Qxa3 19.Bd4 Qb4 20.Bb2 Re7  0-1

[Event "Haninge"]
[Site "Haninge"]
[Date "1992.??.??"]
[Round "10"]
[White "Kharlov, Andrei"]
[Black "Wedberg, Tom"]
[Result "1/2-1/2"]
[WhiteElo "2545"]
[BlackElo "2465"]

1.d4 Nf6 2.c4 e6 3.Nc3 Bb4 4.Qc2 O-O 5.a3 Bxc3+ 6.Qxc3 b6 7.Bg5 Bb7 8.Nf3 h6
9.Bh4 d6 10.Nd2 c5 11.dxc5 bxc5 12.e3 Nbd7 13.Rg1 d5 14.g4 Ne4 15.Bxd8 Nxc3
16.Ba5 Na4 17.cxd5 exd5 18.Bb5 Nab6 19.g5 hxg5 20.Rxg5 f6 21.Rg3 Ne5 22.f4 Nec4
23.Nxc4 Nxc4 24.Bxc4 dxc4 25.O-O-O Rf7 26.h4 Be4 27.h5 Kh7 28.Bc3 Kh6 29.Rf1 Bf5
30.e4 Bxe4 31.f5 Bd3 32.Rf4 Re8 33.Rg6+ Kxh5 34.Rg1 Re4 35.Rh1+ Kg5 36.Rf2 Re2
37.Bd2+ Kg4 38.Rg1+ Kh5 39.Rh1+ Kg4 40.Rg1+ Kh5 41.Rh1+  1/2-1/2

[Event "EU-ch U20 Girls"]
[Site "Hradec Kralove"]
[Date "1992.??.??"]
[Round "?"]
[White "Botsari Miladinovic, Anna Maria"]
[Black "Kadimova, Ilaha"]
[Result "0-1"]
[WhiteElo "2305"]
[BlackElo "2270"]

1.d4 Nf6 2.c4 e6 3.Nc3 Bb4 4.Qc2 O-O 5.a3 Bxc3+ 6.Qxc3 b6 7.Bg5 Bb7 8.f3 d5
9.e3 Nbd7 10.Nh3 Re8 11.cxd5 exd5 12.O-O-O Qe7 13.Kb1 Rac8 14.Bd3 h6 15.Bh4 c5
16.Bb5 g5 17.Bf2 a6 18.Bd3 c4 19.Bf5 b5 20.g4 Ra8 21.Nxg5 a5 22.Nh3 b4 23.Qc1 bxa3
24.bxa3 Ba6 25.Kc2 Rab8 26.Kd2 c3+ 27.Ke1 Rb2 28.Bc2 Reb8 29.Nf4 Qxa3 30.Nd3 Qa2
31.Nxb2 Rxb2 32.Qa1 Rxc2 33.Qxa2 Rxa2 34.Bh4 Re2+ 35.Kf1 c2 36.Rc1 Rxh2+
37.Kg1 Rd2 38.Bf2 Be2 39.Kg2 Kg7 40.Be1 Rd3 41.Rxc2 Rxe3 42.Kf2 Bxf3 43.Kxe3 Bxh1
44.Kf4 Nf8 45.Rh2 Ng6+ 46.Kg3 Ne4+ 47.Kh3 Nf4+ 48.Kh4 Ng2+  0-1

[Event "HUN-chT"]
[Site "HUN"]
[Date "1992.??.??"]
[Round "?"]
[White "Kaposztas, Miklos"]
[Black "Horvath, Tamas"]
[Result "0-1"]
[WhiteElo "2310"]
[BlackElo "2410"]

1.d4 Nf6 2.c4 e6 3.Nc3 Bb4 4.Qc2 O-O 5.Nf3 c5 6.dxc5 Na6 7.a3 Bxc3+ 8.Qxc3 Nxc5
9.Bg5 b6 10.e3 Bb7 11.Be2 Nce4 12.Bxf6 Nxf6 13.O-O Rc8 14.Qd4 d6 15.Rfd1 Ne4
16.Nd2 e5 17.Qd3 Nc5 18.Qc2 f5 19.b4 Ne6 20.Qb3 Qe7 21.Nb1 f4 22.Nc3 f3 23.gxf3 Ng5
24.c5+ Kh8 25.Nd5 Nh3+ 26.Kf1 Qh4 27.Ke1 dxc5 28.e4 Qxf2+ 29.Kd2 Bxd5 30.exd5 c4
31.Qc3 Nf4 32.Re1 Nxd5 33.Qxe5 Rcd8 34.Rg1 Nf6+ 35.Kc3 Rfe8 36.Qg5 Qd4+ 37.Kc2 Rxe2+  0-1